[Event "Cappelle op"]
[Site "Cappelle la Grande"]
[Date "1991.??.??"]
[Round "4"]
[White "Fayard, Alain"]
[Black "Emms, John M"]
[Result "1-0"]
[WhiteElo "2300"]
[BlackElo "2440"]

1.d4 Nf6 2.c4 e6 3.Nc3 Bb4 4.Nf3 b6 5.Qb3 c5 6.a3 Ba5 7.Bg5 h6 8.Bh4 Bb7
9.O-O-O Bxf3 10.gxf3 Nc6 11.e3 Bxc3 12.Qxc3 cxd4 13.exd4 Rc8 14.d5 Na5 15.Kb1 exd5
16.Rxd5 Rc6 17.Bh3 Re6 18.Bxe6 fxe6 19.Bxf6 Qxf6 20.Qxf6 gxf6 21.Rd4 Rg8
22.b4 Nc6 23.Rh4 Rg6 24.Rc1 f5 25.f4 Nd4 26.Rd1 Ne2 27.Kc2 Rg2 28.Kd2 Nd4
29.Rxh6 Rg4 30.Rh8+ Ke7 31.Rh7+  1-0

[Event "Cetinje (Women)"]
[Site "Cetinje"]
[Date "1991.??.??"]
[Round "8"]
[White "Csonkics, Tunde"]
[Black "Maric, Alisa"]
[Result "1/2-1/2"]
[WhiteElo "2320"]
[BlackElo "2425"]

1.d4 Nf6 2.c4 e6 3.Nf3 Bb4+ 4.Nc3 c5 5.g3 cxd4 6.Nxd4 O-O 7.Bg2 d5 8.Qb3 Bxc3+
9.Qxc3 e5 10.Nb3 Nc6 11.cxd5 Nxd5 12.Qd2 Ndb4 13.O-O Qe7 14.Qc3 Rd8 15.Be3 Nd5
16.Qc5 Qxc5 17.Bxc5 Be6 18.Rac1 Rac8 19.Rfd1 b6 20.Bxd5 Bxd5 21.Be3 f6 22.Rc3 Kf7
23.f3 Nb4 24.Rxc8 Rxc8 25.Nc1 Ke6 26.a3 Na6 27.Nd3 Rc2 28.Rd2 Rc7 29.Kf2 g5
30.Ne1 Nb8 31.Rc2 Rxc2 32.Nxc2 Bb3 33.Nb4 a5 34.Nd3 Nd7 35.Ke1 Kd5 36.Kd2 Kc4
37.g4 Ba4 38.Nc1 b5 39.Nd3 b4 40.axb4 axb4 41.Bf2 Bc6 42.e4 Ba4 43.Ba7 Bb5
44.Kc2 Ba4+ 45.Kd2 Bc6 46.Bf2 Kb3 47.Kc1 Kc4 48.Kd2  1/2-1/2

[Event "Chiasso op"]
[Site "Chiasso"]
[Date "1991.??.??"]
[Round "?"]
[White "Chiong, Luiz"]
[Black "Tatai, Stefano"]
[Result "1-0"]
[WhiteElo "2365"]
[BlackElo "2410"]

1.d4 Nf6 2.c4 e6 3.Nc3 Bb4 4.Nf3 d5 5.cxd5 exd5 6.Bg5 Nbd7 7.e3 c5 8.Bd3 Qa5
9.O-O c4 10.Bf5 O-O 11.Qc2 Re8 12.Nd2 g6 13.Bxd7 Nxd7 14.Rae1 Nb6 15.f3 Bd7
16.Bh4 Ba4 17.Qc1 Bc6 18.e4 Na4 19.exd5 Nxc3 20.bxc3 Bxc3 21.dxc6 Bxd2 22.Rxe8+ Rxe8
23.Qxc4 bxc6 24.Qxc6 Re6 25.Qc4 Qa6 26.Qxa6 Rxa6 27.Rd1 Rxa2 28.d5 Kf8 29.d6  1-0

[Event "Clichy op"]
[Site "Clichy"]
[Date "1991.??.??"]
[Round "6"]
[White "Bouton, Christophe"]
[Black "Cladouras, Panagiotis"]
[Result "1-0"]
[WhiteElo "2260"]
[BlackElo "2355"]

1.d4 Nf6 2.c4 e6 3.Nc3 Bb4 4.Nf3 c5 5.g3 O-O 6.Bg2 d5 7.cxd5 Nxd5 8.Qd3 Nc6
9.O-O cxd4 10.Nxd5 exd5 11.Nxd4 Be7 12.Nxc6 bxc6 13.Be3 Bf6 14.Bd4 Re8 15.e3 Bxd4
16.Qxd4 Qb6 17.Rfd1 Bf5 18.Rac1 Rab8 19.b3 h5 20.h4 Re6 21.Qa4 Rb7 22.Rd4 g6
23.Qa3 Be4 24.Bxe4 dxe4 25.Qa4 Rbe7 26.Qc4 Qa5 27.b4 Qa3 28.Rd8+ Re8 29.Rcd1 Qa4
30.R1d7 Rxd8 31.Rxd8+ Kg7 32.Qd4+ Rf6 33.Rd6  1-0

[Event "Telecom op"]
[Site "Dublin"]
[Date "1991.??.??"]
[Round "?"]
[White "Wells, Peter K"]
[Black "Hynes, Kilian A"]
[Result "1-0"]
[WhiteElo "2460"]
[BlackElo "2240"]

1.Nf3 Nf6 2.c4 e6 3.d4 Bb4+ 4.Nc3 b6 5.Bg5 h6 6.Bh4 Bb7 7.e3 Bxc3+ 8.bxc3 Qe7
9.Nd2 d6 10.f3 Nbd7 11.e4 c5 12.Bd3 O-O-O 13.a4 a5 14.f4 g5 15.fxg5 Nh5 16.O-O hxg5
17.Bg3 Nhf6 18.e5 dxe5 19.dxe5 Nh5 20.Be4 Bxe4 21.Nxe4 Nxe5 22.Bxe5 Rxd1
23.Raxd1 Rd8 24.g4 f5 25.Nd6+ Rxd6 26.Rxd6 Nf6 27.Rxb6 Nd7 28.Rc6+ Kd8 29.Rd1 Ke8
30.Rc8+  1-0

[Event "Telecom op"]
[Site "Dublin"]
[Date "1991.??.??"]
[Round "?"]
[White "Parker, Jonathan"]
[Black "Suba, Mihai"]
[Result "0-1"]
[WhiteElo "2310"]
[BlackElo "2540"]

1.d4 Nf6 2.c4 e6 3.Nc3 Bb4 4.Nf3 c5 5.g3 Nc6 6.Bg2 Ne4 7.Qd3 cxd4 8.Nxd4 Nxc3
9.bxc3 Ne5 10.Qc2 Be7 11.Rb1 Nxc4 12.Bxb7 Bxb7 13.Rxb7 Qc8 14.Rb3 O-O 15.O-O Qa6
16.e4 Rac8 17.Qe2 Bc5 18.Nf3 Qa4 19.Bf4 d6 20.Ng5 e5 21.Bc1 Qd7 22.Nf3 Bb6
23.Rd1 Qg4 24.Kg2 f5 25.exf5 Qxf5 26.Rf1 d5 27.Rb5 Qd7 28.Rb3 Rf5 29.Be3 Bxe3
30.fxe3 Qc6 31.g4 Rf6 32.Rb4 Rcf8 33.Rbb1 d4 34.cxd4 exd4 35.exd4 Re6 36.Qd3 Ne3+
37.Kg1 Rxf3 38.Rb8+ Kf7 39.d5 Qxd5  0-1

[Event "Elgoibar"]
[Site "Elgoibar"]
[Date "1991.??.??"]
[Round "3"]
[White "Garcia Palermo, Carlos"]
[Black "Gomez Esteban, Juan Mario"]
[Result "1/2-1/2"]
[WhiteElo "2455"]
[BlackElo "2400"]

1.c4 Nf6 2.d4 e6 3.Nc3 Bb4 4.Nf3 b6 5.Bg5 Bb7 6.e3 h6 7.Bh4 g5 8.Bg3 Ne4
9.Qc2 Bxc3+ 10.bxc3 d6 11.Bd3 f5 12.d5 Nd7 13.Bxe4 fxe4 14.Qxe4 Qf6 15.O-O Nc5
16.Qd4 Rf8 17.e4 O-O-O 18.Qxf6 Rxf6 19.Nd2 e5 20.f3 a5 21.Bf2 Nd3 22.Rab1 Ba6
23.Bxb6 cxb6 24.Rxb6 Nc5 25.Nb3 Nxb3 26.axb3 Bb7 27.Ra1 Kc7 28.Rb5 Ra8 29.Rbxa5 Rxa5
30.Rxa5 Rf8 31.Kf2 Kb6 32.Ra1 h5 33.Ke3 h4 34.h3 Bc8 35.Ra8 Kb7 36.Ra5 Kb6
37.Ra8 Re8 38.b4 Bd7 39.Ra5 Rc8 40.Kd3 Rc7 41.Ra2  1/2-1/2

[Event "Euskadi-Georgia"]
[Site "Euskadi"]
[Date "1991.??.??"]
[Round "?"]
[White "Giorgadze, Giorgi"]
[Black "Izeta Txabarri, Felix"]
[Result "1-0"]
[WhiteElo "2495"]
[BlackElo "2380"]

1.d4 Nf6 2.c4 e6 3.Nc3 Bb4 4.Nf3 c5 5.e3 O-O 6.Bd3 d5 7.O-O cxd4 8.exd4 dxc4
9.Bxc4 Nbd7 10.Qe2 b6 11.Bg5 Bb7 12.Rac1 Qb8 13.Rfd1 h6 14.Bh4 Nh5 15.g3 Nhf6
16.d5 Bxc3 17.dxe6 Ne5 18.Rxc3 Bxf3 19.exf7+ Kh8 20.Rxf3 Nxf3+ 21.Qxf3 Qe5
22.g4 Rad8 23.Rxd8 Rxd8 24.Kg2 Qd4 25.b3 g5 26.Bg3 Kg7 27.h3 Qe4 28.a4 Kf8
29.Bc7 Rd7 30.Bb8 a5 31.Kg3 Qxf3+ 32.Kxf3 Nd5 33.Ke4 Nc7 34.Ke5 Ke7 35.Kf5 Nd5
36.Kg6 Kf8 37.Be5  1-0

[Event "Bundesliga 9091"]
[Site "Germany"]
[Date "1991.??.??"]
[Round "?"]
[White "Neurohr, Stephan"]
[Black "Rajkovic, Dusan"]
[Result "1-0"]
[WhiteElo "2335"]
[BlackElo "2495"]

1.d4 e6 2.c4 Nf6 3.Nc3 Bb4 4.Nf3 b6 5.Bg5 Bb7 6.e3 c5 7.Bd3 cxd4 8.exd4 h6
9.Bh4 O-O 10.Rc1 Be7 11.O-O d6 12.Re1 Nbd7 13.Qe2 Re8 14.Nd2 a6 15.Bg3 Rc8
16.b4 Bf8 17.a3 Nb8 18.Bb1 g6 19.Bh4 Bg7 20.Rcd1 Qc7 21.h3 Nh5 22.Qe3 g5
23.Bg3 Qc6 24.d5 exd5 25.Qd3 dxc4 26.Qh7+ Kf8 27.Be4 Rxe4 28.Ndxe4 Nxg3 29.Rxd6 Qe8
30.fxg3 Bxc3 31.Rg6 Qe5 32.Rf1 Bd4+ 33.Kh2 Bd5 34.Rg8+ Ke7 35.Rxc8 Nd7 36.Qg8 Qxe4
37.Re8+ Kd6 38.Rxe4 Bxe4 39.Rd1 Bd3 40.Qxf7 Ne5 41.Qf6+ Kd5 42.Qd8+  1-0

[Event "BL2-W9091"]
[Site "Germany"]
[Date "1991.??.??"]
[Round "?"]
[White "Fischdick, Gisela"]
[Black "Hennig, Dirk"]
[Result "0-1"]
[WhiteElo "2275"]
[BlackElo "2335"]

1.d4 Nf6 2.c4 e6 3.Nc3 Bb4 4.Nf3 c5 5.g3 Ne4 6.Qd3 Qa5 7.Qxe4 Bxc3+ 8.Bd2 Bxd2+
9.Nxd2 Qb6 10.dxc5 Qxb2 11.Rb1 Qa3 12.Qd4 O-O 13.Bg2 Nc6 14.Qd6 b6 15.O-O bxc5
16.Nb3 Rb8 17.Nxc5 Rxb1 18.Rxb1 Qxa2 19.Rc1 Qb2 20.Rd1 Ne5 21.Nd3 Nxd3 22.Qxd3 a5
23.Rb1 Qe5 24.Rb5 Qc7 25.Qc3 Ba6 26.Rg5 f6 27.Rxa5 Qxc4 28.Qa3 Bb5 29.Bf3 Bc6
30.Bxc6 Qxc6 31.Qe7 Rb8 32.Ra1 h6 33.h4 Qd5 34.Rc1 Qd2 35.Ra1 Rc8 36.Kg2 Qxe2
37.Qxd7 Rc2 38.Qd4 Rd2 39.Qc5 Kh7  0-1

[Event "BL qual"]
[Site "Germany"]
[Date "1991.??.??"]
[Round "?"]
[White "Schmitzer, Klaus"]
[Black "Behrens, Harald"]
[Result "0-1"]
[WhiteElo "2335"]
[BlackElo "2305"]

1.d4 Nf6 2.c4 e6 3.Nc3 Bb4 4.Nf3 c5 5.g3 b6 6.Bg2 Bb7 7.dxc5 bxc5 8.O-O O-O
9.Rb1 Bxc3 10.bxc3 Be4 11.Nd2 Bxg2 12.Kxg2 d5 13.Qa4 Nbd7 14.Rd1 Qc7 15.Nf3 Nb6
16.Qa5 Qc6 17.cxd5 Nfxd5 18.Rd3 Rfe8 19.Ba3 c4 20.Rd2 Rec8 21.Kg1 Qa4 22.Bb4 Qxa5
23.Bxa5 Na4 24.Rc2 Rab8 25.Rxb8 Rxb8 26.e4 Rb1+ 27.Kg2 Ndb6 28.Nd4 g5 29.Nc6 a6
30.Nb4 Nd7 31.Nxa6 Nf6 32.f3 g4 33.fxg4 Nxg4 34.Kf3 h5 35.h3 Rf1+ 36.Kg2 Ne3+  0-1

[Event "Hastings Challengers9192"]
[Site "Hastings"]
[Date "1991.??.??"]
[Round "?"]
[White "Kumaran, Dharshan"]
[Black "Ruban, Vadim"]
[Result "1-0"]
[WhiteElo "2330"]
[BlackElo "2575"]

1.d4 Nf6 2.c4 e6 3.Nc3 Bb4 4.Nf3 c5 5.g3 cxd4 6.Nxd4 Ne4 7.Qd3 Bxc3+ 8.bxc3 Nc5
9.Qf3 d6 10.Bg2 Nbd7 11.O-O Ne5 12.Qf4 Nxc4 13.Nb3 Nb6 14.Nxc5 dxc5 15.Qe5 O-O
16.Qxc5 Re8 17.Ba3 Rb8 18.Rad1 Bd7 19.Qh5 Nc4 20.Bc1 Qc8 21.Rd4 e5 22.Rh4 Bf5
23.Rxc4 Qxc4 24.Qxf5 Qxa2 25.Be4 g6 26.Qf3 Qe6 27.Be3 b6 28.c4 Qxc4 29.Bd5 Qc7
30.Rc1 Qe7 31.Bg5 e4 32.Qf4 Qd7 33.Bc6  1-0

[Event "Helsingborg-B"]
[Site "Helsingborg"]
[Date "1991.??.??"]
[Round "?"]
[White "Hultin, Johan"]
[Black "Henriksson, Jakob"]
[Result "1-0"]
[WhiteElo "2235"]
[BlackElo "2200"]

1.d4 Nf6 2.c4 e6 3.Nf3 Bb4+ 4.Nc3 c5 5.g3 O-O 6.Bg2 Nc6 7.O-O Bxc3 8.bxc3 d6
9.Bf4 Nh5 10.Be3 Qe7 11.Nd2 f5 12.dxc5 f4 13.cxd6 Qxd6 14.c5 Qe7 15.gxf4 Nxf4
16.Bxf4 Rxf4 17.e3 Rf5 18.Ne4 Rd5 19.Qg4 Ne5 20.Qg3 Nd3 21.c4 Rd8 22.Rfd1 e5
23.Bf1 Nb4 24.Rxd8+ Qxd8 25.Qxe5 b6 26.Rd1 Qf8 27.a3 Bg4 28.axb4 Bxd1 29.Qd5+ Kh8
30.Qxd1 bxc5 31.b5 Rd8 32.Qh5 Qe7 33.Qg5 Qe8 34.Nxc5 Rd6 35.Bd3 Qa8 36.Qe5 Rf6
37.Ne4 Rf8 38.c5 Qc8 39.Ng3 Qg4 40.Qh5  1-0

[Event "Helsingborg-B"]
[Site "Helsingborg"]
[Date "1991.??.??"]
[Round "?"]
[White "Henriksson, Jakob"]
[Black "Solin, Niclas"]
[Result "1/2-1/2"]
[WhiteElo "2200"]
[BlackElo "2200"]

1.d4 Nf6 2.c4 e6 3.Nc3 Bb4 4.Nf3 d5 5.Bg5 Nbd7 6.Qc2 c5 7.cxd5 exd5 8.e3 Qa5
9.Bd3 c4 10.Bf5 O-O 11.O-O Re8 12.Nd2 g6 13.Bxd7 Nxd7 14.a3 Bxc3 15.Qxc3 Qxc3
16.bxc3 f6 17.Bh4 g5 18.Bg3 Nb6 19.a4  1/2-1/2

[Event "Helsinki-ch"]
[Site "Helsinki"]
[Date "1991.??.??"]
[Round "?"]
[White "Sorri, Kari Juhani"]
[Black "Karner, Hillar"]
[Result "0-1"]
[WhiteElo "2305"]
[BlackElo "2350"]

1.d4 Nf6 2.c4 e6 3.Nc3 Bb4 4.Nf3 d6 5.g3 Qe7 6.Bg2 Bxc3+ 7.bxc3 e5 8.O-O O-O
9.a4 Nc6 10.a5 e4 11.Ne1 b6 12.axb6 cxb6 13.Nc2 Na5 14.Ne3 Be6 15.c5 dxc5
16.Rxa5 bxa5 17.Ba3 Rfc8 18.Bxc5 Rxc5 19.dxc5 Qxc5 20.Qb1 Qc6 21.Rd1 a4 22.Qb4 a5
23.Qe7 Qe8 24.Qd6 Bb3 25.Ra1 Qd8 26.Qf4 Qd2 27.Bxe4 Qxc3 28.Rd1 Re8 29.Nd5 Qe5
30.Nxf6+ gxf6 31.Qxe5 Rxe5 32.Rd8+ Kg7 33.Bd3 Rc5 34.Rb8 Rc1+ 35.Kg2 Bd5+
36.e4 a3 37.exd5 a2 38.d6 Rd1 39.d7 Rxd3 40.Rb3 Rxb3  0-1

[Event "Helsinki op"]
[Site "Helsinki"]
[Date "1991.??.??"]
[Round "?"]
[White "Kekki, Petri"]
[Black "Kiik, Kalle"]
[Result "1-0"]
[WhiteElo "2275"]
[BlackElo "2425"]

1.d4 Nf6 2.c4 e6 3.Nc3 Bb4 4.Nf3 O-O 5.g3 c5 6.Bg2 Bxc3+ 7.bxc3 d6 8.O-O Nc6
9.dxc5 dxc5 10.Qxd8 Rxd8 11.Be3 Nd7 12.Rfd1 Re8 13.Rd6 Na5 14.Rad1 Nxc4 15.Rxd7 Bxd7
16.Rxd7 Red8 17.Rxb7 Rd1+ 18.Bf1 a5 19.Bxc5 Ra1 20.e4 a4 21.Kg2 Na5 22.Rb2 f6
23.e5 Rc8 24.Rb5 Ra8 25.a3 Rc1 26.Nd4 fxe5 27.Nxe6  1-0

[Event "Helsinki op"]
[Site "Helsinki"]
[Date "1991.??.??"]
[Round "?"]
[White "Sorri, Kari Juhani"]
[Black "Johansson, Jan"]
[Result "1-0"]
[WhiteElo "2305"]
[BlackElo "2415"]

1.d4 Nf6 2.c4 e6 3.Nc3 Bb4 4.Nf3 O-O 5.Bg5 c5 6.e3 Qa5 7.Bxf6 gxf6 8.Qc1 cxd4
9.exd4 b6 10.Bd3 Kg7 11.h4 Bb7 12.Rh3 Bxc3+ 13.bxc3 Rh8 14.Kf1 Kf8 15.d5 Na6
16.Nd4 Qc5 17.Qh6+ Ke7 18.Rf3 Raf8 19.Qxf6+ Ke8 20.Nf5 Rhg8 21.d6  1-0

[Event "Helsinki op"]
[Site "Helsinki"]
[Date "1991.??.??"]
[Round "?"]
[White "Sorri, Kari Juhani"]
[Black "Valkesalmi, Kimmo"]
[Result "1-0"]
[WhiteElo "2305"]
[BlackElo "2390"]

1.d4 Nf6 2.c4 e6 3.Nc3 Bb4 4.Nf3 b6 5.Bg5 Bb7 6.Nd2 h6 7.Bh4 Bxc3 8.bxc3 d6
9.f3 Nbd7 10.e3 Qe7 11.Bd3 Qf8 12.Qa4 g5 13.Bg3 Ke7 14.c5 bxc5 15.Qa5 Nd5
16.Be4 Qc8 17.Kf2 N5b6 18.Rab1 c4 19.h4 Bxe4 20.Nxe4 f5 21.Nd2 Nf6 22.Kf1 Qd7
23.e4 Qa4 24.Qxa4 Nxa4 25.Rb7 Kd7 26.Nxc4 f4 27.Be1 Nb6 28.Na5 g4 29.c4 Kc8
30.c5 dxc5 31.dxc5 Nc4 32.c6 Nb6 33.Bc3 Rf8 34.Be5 Ne8 35.fxg4 f3 36.g5 h5
37.g4 hxg4 38.h5 Rb8 39.h6 Nd6 40.Rxb8+  1-0

[Event "HUN-chT"]
[Site "HUN"]
[Date "1991.??.??"]
[Round "?"]
[White "Barbero, Gerardo F"]
[Black "Farago, Ivan"]
[Result "0-1"]
[WhiteElo "2495"]
[BlackElo "2495"]

1.d4 e6 2.c4 Nf6 3.Nc3 Bb4 4.Nf3 b6 5.Bg5 h6 6.Bh4 g5 7.Bg3 Ne4 8.Qc2 Bb7
9.Be5 Bxc3+ 10.bxc3 f6 11.Nd2 fxe5 12.Nxe4 exd4 13.cxd4 Qe7 14.e3 Nc6 15.Be2 O-O-O
16.O-O Qh7 17.Bd3 Nb4 18.Nd6+ cxd6 19.Bxh7 Nxc2 20.Bxc2 Ba6 21.Rfc1 Bxc4
22.Bb3 d5 23.Bxc4 dxc4 24.Rxc4+ Kb7 25.Rc2 Rc8 26.Re2 Rc4 27.f3 Rhc8 28.Kf2 Rc2
29.Re1 Ka6 30.Kg3 Ka5 31.Kg4 Ka4 32.Kh5 Ka3 33.Kxh6 Kxa2 34.g4 b5 35.Kxg5 b4
36.h4 b3 37.h5 Rxe2 38.Rxe2+ b2 39.Kf6 a5 40.g5 a4 41.Rxb2+ Kxb2 42.g6 a3
43.g7 a2 44.h6 a1=Q 45.h7 Qa8 46.Kf7 Qxf3+  0-1

[Event "Katowice op"]
[Site "Katowice"]
[Date "1991.??.??"]
[Round "1"]
[White "Lisik, Valery"]
[Black "Domarkaite, Laima"]
[Result "1-0"]
[WhiteElo "2485"]
[BlackElo "2055"]

1.d4 Nf6 2.Nf3 e6 3.c4 Bb4+ 4.Nc3 c5 5.g3 cxd4 6.Nxd4 Nc6 7.Bg2 O-O 8.O-O Qe7
9.Nc2 Rd8 10.Nxb4 Qxb4 11.Qb3 a5 12.Nb5 d5 13.Nc7 Rb8 14.cxd5 Nd4 15.Qxb4 axb4
16.Be3 Nc2 17.Ba7 Nxa1 18.Bxb8 Nc2 19.dxe6 fxe6 20.Ba7 Nd4 21.Re1 Nc6 22.Be3 Kf7
23.Rc1 Nd5 24.Nxd5 exd5 25.Bb6 Rd6 26.Bc5 Rd8 27.a3 bxa3 28.bxa3 Be6 29.Rb1 Rd7
30.h3 h5 31.f4 Na5 32.Kf2 Nc4 33.Rd1 g6 34.Bb4 Nd6 35.Bxd6 Rxd6 36.Rb1 Rd7
37.Ke3 d4+ 38.Kd2 Ke7 39.h4 Bf5 40.Rxb7 Rxb7 41.Bxb7 Kd6 42.e4  1-0

[Event "Katowice op"]
[Site "Katowice"]
[Date "1991.??.??"]
[Round "5"]
[White "Lisik, Valery"]
[Black "Kostyra, Stanislaw"]
[Result "1/2-1/2"]
[WhiteElo "2485"]
[BlackElo "2315"]

1.d4 Nf6 2.Nf3 e6 3.c4 Bb4+ 4.Nc3 c5 5.g3 Nc6 6.d5 Na5 7.Qd3 b5 8.dxe6 fxe6
9.cxb5 a6 10.Bd2 d5 11.Bg2 Nc4 12.O-O Nxb2 13.Qc2 Nc4 14.Bf4 Bxc3 15.Qxc3 axb5
16.Ne5 Ra3 17.Qc1 Qa5 18.Nxc4 bxc4 19.Bc7 Qa6 20.e4 dxe4 21.Qg5 O-O 22.Be5 Bb7
23.Rae1 Qa8 24.Bd6 Rf7 25.Qxc5 Rxa2 26.Qxc4 Bd5 27.Qc5 e3 28.Bxd5 Nxd5 29.f3 Rb7
30.Be5 Ra5 31.Qc2 Raa7 32.Qc5 Ra5 33.Qc2 Rbb5 34.Bd4 Qb7 35.Qe4 Qa6 36.Qg4 Qa7
37.Qxe6+ Qf7 38.Qc8+ Qf8 39.Qxf8+ Kxf8 40.Bxe3 Nxe3 41.Rxe3 Rb2 42.Rf2 Raa2
43.Rxb2 Rxb2 44.Re1 Kf7 45.Rf1 Ra2 46.Rf2 Ra1+ 47.Kg2 Ra5 48.Rb2 Re5 49.Kh3 Ra5
50.Kg4 Rc5 51.Rb4 Ra5 52.h4 Rc5 53.h5 h6 54.Rb6 Rg5+ 55.Kh4 Ra5 56.f4 Rc5
57.Kg4 Ra5 58.f5 Ra4+ 59.Kh3 Ra5 60.g4 Ra3+ 61.Kh4 Rf3  1/2-1/2

[Event "Katowice op"]
[Site "Katowice"]
[Date "1991.??.??"]
[Round "11"]
[White "Kalinin, Alexander"]
[Black "Zagrebelny, Sergey"]
[Result "1-0"]
[WhiteElo "2360"]
[BlackElo "2475"]

1.d4 Nf6 2.c4 e6 3.Nc3 Bb4 4.Nf3 b6 5.e3 Bb7 6.Bd3 O-O 7.O-O d5 8.a3 Bxc3
9.bxc3 c5 10.cxd5 exd5 11.Ne1 Nc6 12.f3 Re8 13.g4 Rc8 14.Ng2 cxd4 15.cxd4 Na5
16.Nf4 Nc4 17.Re1 h6 18.Ra2 Qd6 19.h4 Nd7 20.g5 Nf8 21.Nh5 Rc6 22.f4 Qd7
23.Rg2 Kh8 24.f5 Nh7 25.Nxg7 Kxg7 26.f6+ Kh8 27.Qh5 Rg8 28.Bxh7  1-0

[Event "Kobanya op"]
[Site "Kobanya"]
[Date "1991.??.??"]
[Round "2"]
[White "Utasi, Tamas"]
[Black "Bernei, Andras"]
[Result "1-0"]
[WhiteElo "2345"]
[BlackElo "2360"]

1.Nf3 Nf6 2.c4 e6 3.Nc3 Bb4 4.d4 c5 5.dxc5 Bxc5 6.a3 O-O 7.b4 Be7 8.e3 b6
9.Be2 Bb7 10.O-O d6 11.Bb2 Nbd7 12.Nd4 a6 13.f4 Qc7 14.Rc1 Rac8 15.Qb3 Qb8
16.Bf3 Rfe8 17.e4 b5 18.cxb5 Qa7 19.b6 Qxb6 20.Na4 Qa7 21.Rxc8 Rxc8 22.Kh1 Bxe4
23.f5 e5 24.Re1 Bxf3 25.Nxf3 h6 26.Nc3 Ng4 27.h3 Nf2+ 28.Kh2 Nd3 29.Nd5 Nxe1
30.Nxe7+ Kf8 31.Nxc8 Nxf3+ 32.Qxf3 Qb8 33.Qc6  1-0

[Event "Kobanya op"]
[Site "Kobanya"]
[Date "1991.??.??"]
[Round "3"]
[White "Hever, Miklos"]
[Black "Zagrebelny, Sergey"]
[Result "1/2-1/2"]
[WhiteElo "2330"]
[BlackElo "2475"]

1.d4 Nf6 2.c4 e6 3.Nc3 Bb4 4.Nf3 b6 5.e3 O-O 6.Be2 c5 7.dxc5 bxc5 8.Bd2 Nc6
9.O-O d5 10.a3 Bxc3 11.Bxc3 Ne4 12.Qc2 Qb6 13.Rfd1 Bb7 14.Be1 Rfd8 15.Rab1 a5
16.Rbc1 Rac8 17.Rd3 Ba6 18.Rb3 Qa7 19.cxd5 exd5 20.Bxa6 Qxa6 21.Rd3 a4 22.Rdd1 Ne7
23.Nd2 Nf6 24.Nf3 Ne4 25.Nd2 Ng5 26.Nb1 d4 27.exd4 cxd4 28.Qd2 Qg6 29.Kh1 Nf5
30.Qd3 Ne6 31.Rxc8 Rxc8 32.Qa6 Rb8 33.Bb4 Nh4 34.Qc6 h6 35.Nd2 Qg5 36.Nc4 Kh7
37.Nd6 Rb6 38.Qa8 Ra6 39.Qb7 Rb6 40.Qa8 Ra6 41.Qb7 Ra7 42.Qe4+ Ng6 43.Rf1 Rc7
44.g3 Rc1 45.Rxc1 Qxc1+ 46.Kg2 Ng5 47.Qxd4 Qc6+ 48.Kf1 Qh1+ 49.Ke2 Qxh2 50.Bc3 Ne6
51.Qg4 h5 52.Qf5 h4 53.Qxf7 hxg3 54.Ne4 Qh5+ 55.Ke3 Qh6+ 56.Kf3 Qh1+ 57.Ke3 Qh6+
58.f4 Qxf4+ 59.Qxf4 Ngxf4 60.Nxg3 g5  1/2-1/2

[Event "Kobanya op"]
[Site "Kobanya"]
[Date "1991.??.??"]
[Round "8"]
[White "Utasi, Tamas"]
[Black "Tompa, Janos"]
[Result "1/2-1/2"]
[WhiteElo "2345"]
[BlackElo "2445"]

1.Nf3 Nf6 2.c4 e6 3.Nc3 Bb4 4.d4 c5 5.dxc5 Bxc3+ 6.bxc3 Qa5 7.Qb3 Na6 8.Nd4 Ne4
9.Nb5 O-O 10.Qa3 Qxa3 11.Bxa3 Nexc5 12.g3 b6 13.Bg2 Rb8 14.Nxa7 Bb7 15.Bxb7 Rxb7
16.Nb5 Ra8 17.O-O Na4 18.Rfb1 Nc7 19.Rb3 Nxb5 20.cxb5 Rc7 21.Bb4 Rac8 22.Rc1 d5
23.e3 f6 24.Kf1 Rc4 25.Ke2 Nc5 26.Bxc5 R8xc5 27.Kd2 Ra4 28.Rc2 Kf7 29.Rcb2 Ke7
30.Rb4 Ra3 31.R4b3 Ra4  1/2-1/2

[Event "Krumbach op"]
[Site "Krumbach"]
[Date "1991.??.??"]
[Round "4"]
[White "Lorscheid, Gerhard"]
[Black "Stock, Michael"]
[Result "1-0"]
[WhiteElo "2290"]
[BlackElo "2225"]

1.d4 Nf6 2.c4 e6 3.Nc3 Bb4 4.Nf3 b6 5.Qb3 Bxc3+ 6.Qxc3 Bb7 7.g3 d6 8.Bg2 Nbd7
9.O-O Ne4 10.Qc2 Qc8 11.Ne1 f5 12.Nd3 O-O 13.b3 Nef6 14.f3 Qe8 15.Ba3 c5
16.dxc5 dxc5 17.Bb2 Qe7 18.Qc3 Rfd8 19.Rad1 Nf8 20.Ne5 Ng6 21.Qe3 Nxe5 22.Qxe5 Rd7
23.Rd3 Rad8 24.Rfd1 Kf7 25.Bc3 Ne8 26.a3 Rxd3 27.Rxd3 Rxd3 28.exd3 Qg5 29.f4 Qe7
30.Qe2 Bxg2 31.Kxg2 Nd6 32.Kf2 Qb7 33.Qf3 Qxf3+ 34.Kxf3 g6 35.Be5 Ke7 36.Ke3 Kd7
37.Bxd6 Kxd6 38.d4 a5 39.Kd3 Kc6 40.Kc3 Kd6 41.b4 cxd4+ 42.Kxd4 a4 43.h3 h6
44.h4 h5 45.b5 Kc7 46.c5  1-0

[Event "Linares"]
[Site "Linares"]
[Date "1991.??.??"]
[Round "11"]
[White "Kamsky, Gata"]
[Black "Karpov, Anatoly"]
[Result "0-1"]
[WhiteElo "2640"]
[BlackElo "2725"]

1.d4 Nf6 2.c4 e6 3.Nc3 Bb4 4.Nf3 c5 5.e3 Nc6 6.Bd3 Bxc3+ 7.bxc3 d6 8.e4 e5
9.d5 Ne7 10.h3 h6 11.Be3 Qa5 12.Qb3 Qc7 13.Nd2 Nh5 14.g3 g5 15.O-O-O Ng6
16.Be2 Nf6 17.Rdf1 Qe7 18.Qb1 Kd8 19.Nf3 Kc7 20.h4 g4 21.Ne1 Nh5 22.Qc2 Qe8
23.Bd3 Bd7 24.Qd2 Qf8 25.Nc2 Qg7 26.Kb2 Raf8 27.Na3 a6 28.Ka1 b6 29.Rb1 Rb8
30.Rb3 Ne7 31.Rhb1 Qg6 32.Qb2 Nc8 33.Nc2 Ng7 34.Qa3 a5 35.Qc1 f5 36.exf5 Bxf5
37.Bxf5 Nxf5 38.Bd2 Rf8 39.Na3 Rb7 40.R3b2 Rf6 41.Qd1 Kd8 42.Qa4 Nfe7 43.Be3 Rf3
44.Nc2 Rf6 45.Ne1 Qe4 46.Rd1 Rc7 47.Qb5 Nf5 48.Bc1 Ke7 49.Qa4 Kf7 50.Nd3 Ng7
51.Ne1 Kg8 52.Be3 Rcf7 53.Qc6 Rf8 54.Qa4 Nf5 55.Bc1 R6f7 56.Nd3 Kg7 57.Ne1 Rf6
58.Qd7+ Nfe7 59.Nd3 Qxc4 60.Nxe5 dxe5 61.d6 R8f7 62.dxe7 Nxe7 63.Qd2 Re6
64.Qe1 e4 65.Rbd2 Nc6 66.Re2 Rf3 67.Rd7+ Kf8 68.Be3 Ke8 69.Rb7 Ne5 70.Rb2 Nd3
71.Qd2 Rff6 72.Rb1 Rd6 73.Qc2 a4 74.a3 Kd8 75.h5 Kc8 76.Ra7 b5 77.Rg7 b4
78.Rd1 b3 79.Qe2 Ne5 80.Qe1 Rxd1+ 81.Qxd1 Rd6 82.Rg8+ Kc7 83.Rg7+ Kc6 84.Qc1  0-1

[Event "AUS-ch"]
[Site "Melbourne"]
[Date "1991.??.??"]
[Round "1"]
[White "Hay, Trevor"]
[Black "Solomon, Stephen J"]
[Result "0-1"]
[WhiteElo "2340"]
[BlackElo "2420"]

1.d4 Nf6 2.Nf3 e6 3.c4 Bb4+ 4.Nc3 b6 5.Bg5 Bb7 6.Qb3 a5 7.e3 O-O 8.Bd3 d6
9.Nd2 e5 10.O-O Nbd7 11.Rad1 h6 12.Bh4 Re8 13.Bf5 g5 14.Bg3 Nh5 15.c5 Ng7
16.Bxd7 Qxd7 17.dxe5 Qc6 18.e4 dxe5 19.Nd5 Bxc5 20.Nc4 Bd4 21.Rfe1 Rac8 22.Rxd4 exd4
23.Ne5 Qe6  0-1

[Event "Miedzybrodzie op"]
[Site "Miedzybrodzie"]
[Date "1991.??.??"]
[Round "5"]
[White "Weglarz, Leszek"]
[Black "Pedzich, Dominik"]
[Result "1/2-1/2"]
[WhiteElo "2360"]
[BlackElo "2400"]

1.d4 Nf6 2.c4 e6 3.Nc3 Bb4 4.Nf3 c5 5.Bd2 cxd4 6.Nxd4 Nc6 7.Nxc6 dxc6 8.e3 O-O
9.Be2 e5 10.Qc2 Be6 11.a3 Be7 12.O-O Nd7 13.b4 f5 14.e4 f4 15.f3 Qe8 16.Nd1 Qf7
17.Nf2 Rfd8 18.c5 b6 19.cxb6 Nxb6 20.Bc3 Bf6 21.Nd3 Nc4 22.Rfc1 Rd6 23.Nc5 Ne3
24.Qb2 Bc4 25.Bxc4 Nxc4 26.Qa2 Rad8 27.Nb7 Qxb7 28.Qxc4+ Kh8 29.Be1 h6 30.h3 Be7
31.Bf2 Rd2 32.Ra2 Rd1+ 33.Kh2 Rxc1 34.Qxc1 Qa6 35.Rc2 Rd3 36.Rxc6 Qxa3 37.Qc4 Qb3
38.Qxb3 Rxb3 39.Rc7 Bxb4 40.Rxa7 Bc3 41.Rd7 Rb2 42.Rd3 Bb4 43.Rd8+ Kh7  1/2-1/2

[Event "Miedzybrodzie op"]
[Site "Miedzybrodzie"]
[Date "1991.??.??"]
[Round "6"]
[White "Bandza, Algirdas"]
[Black "Brodsky, Michail"]
[Result "0-1"]
[WhiteElo "2405"]
[BlackElo "2310"]

1.d4 Nf6 2.c4 e6 3.Nc3 Bb4 4.Nf3 c5 5.e3 Nc6 6.Bd3 Bxc3+ 7.bxc3 d6 8.e4 e5
9.d5 Ne7 10.Rb1 h6 11.Nd2 Ng6 12.g3 O-O 13.Nf1 Qa5 14.Qc2 Qc7 15.Ne3 Re8
16.f3 Rb8 17.O-O Bh3 18.Rf2 h5 19.Bf1 Bd7 20.h4 a6 21.a4 Qa5 22.Nf5 Bxf5
23.exf5 Nf8 24.g4 hxg4 25.fxg4 e4 26.g5 N6d7 27.Be3 Ne5 28.Be2 Nfd7 29.Rbf1 Nd3
30.Rg2 N7e5 31.g6 fxg6 32.fxg6 Rf8 33.Bg5 Qc7 34.Qd2 Rxf1+ 35.Kxf1 Qd7 36.Kg1 Qf5
37.Qe3 Nxc4 38.Qg3 Nce5 39.Be7 Re8 40.Bxd6 Nf3+ 41.Kh1 Qxd5 42.Bf1 Qh5 43.Be7 Nfe5
44.Be2 Qf5 45.Bg5 Nf3 46.Be3 b5 47.axb5 axb5 48.Qg4 Qf6 49.Qh5 Qxh4+ 50.Qxh4 Nxh4
51.Rg5 Re6 52.Bg4 Rxg6 53.Rxg6 Nxg6 54.Bf5 Ngf4 55.Bxe4 Kf7 56.Kh2 Ke6 57.Bc6 b4
58.cxb4 cxb4 59.Ba4 Ke5 60.Bd2 Nd5 61.Bb3 Nc3 62.Kh3 Kd4 63.Kg4 Ne4 64.Bxb4 Nxb4
65.Kf5 g5 66.Bd1 Nd5 67.Bf3 Ndf6 68.Be2 Ke3 69.Bd1 Kf2 70.Bc2 Kg3 71.Bd1 Kh4
72.Bf3 Nd2 73.Be2 Nfe4 74.Bd1 Nc3 75.Bg4 Nb5 76.Bd1 Nd4+ 77.Ke5 N4f3+ 78.Kf5 g4
79.Kf4 g3  0-1

[Event "Mittelfranken-ch"]
[Site "Mittelfranken"]
[Date "1991.??.??"]
[Round "?"]
[White "Stephan, Eberhard"]
[Black "Beisser, Georg"]
[Result "1-0"]
[WhiteElo "2000"]
[BlackElo "2045"]

1.d4 Nf6 2.c4 e6 3.Nc3 Bb4 4.Nf3 O-O 5.Bg5 h6 6.Bh4 d5 7.e3 Nbd7 8.Rc1 c6
9.Bd3 Qa5 10.O-O Bxc3 11.Rxc3 Ne4 12.Bxe4 dxe4 13.Nd2 f5 14.f3 exf3 15.Rxf3 Qxa2
16.Qc2 Qa1+ 17.Rf1 Qa5 18.e4 g5 19.Be1 Nf6 20.e5 Nh7 21.Rh3 Qd8 22.Nb3 Kg7
23.Bc3 g4 24.Rd3 b6 25.Rf4 Ba6 26.Bd2 Ng5 27.Rg3 h5 28.h3 Ne4 29.Rxe4 fxe4
30.Qxe4 Qh4 31.Qe3 Rh8 32.Be1 Qd8 33.hxg4 h4 34.Rf3 Rf8 35.Rh3 Rh8 36.Rf3 Rf8
37.Rh3 Rh8 38.Nd2 c5 39.d5 Rh6 40.d6 Rg6 41.Bxh4 Qf8 42.Ne4 Rxg4 43.Bf6+ Kg6
44.Qf3  1-0